000 00433nam a2200157 i 4500
001 45435
003 ES-MaACL
005 20230906161222.0
007 t|
008 030326q19001999sp ||||1| spa d
100 1 _aColl, Pedro Emilio.
_939618
245 1 3 _aEl castillo de Elsinor
_b: palabras /
_cPedro Emilio Coll.
260 _aMadrid :
_b[s.n.,
_c19--?] (
_fJuan Pueyo)
300 _a388 p. ;
_c19 cm.
852 _aES-MaACL
_jD-641
999 _c45435
_d45435